| 000 | 00747nam a2200193 i 4500 | ||
|---|---|---|---|
| 001 | 89873 | ||
| 003 | ES-MaACL | ||
| 005 | 20230906180307.0 | ||
| 007 | t| | ||
| 008 | 160113s1907 sp |||| | spa d | ||
| 100 | 1 |
_aGarcía Collado, Francisco. _9158475 |
|
| 245 | 1 | 3 | _aLa Asamblea Nacional Pedagógica celebrada en el Ateneo de Madrid en junio de 1907 / por Francisco García Collado. |
| 260 |
_aValencia : _b[s.n.], _c1907 ( _fImp. de Vicente Ferrandis) |
||
| 300 |
_a24 p., XIII p. ; _c22 cm. |
||
| 650 | 0 | 4 |
_aEnseñanza- _zEspaña- _vCongresos y asambleas. _912284 |
| 710 | 2 |
_aAteneo de Madrid. _91875 |
|
| 711 | 2 |
_aAsamblea Nacional Pedagógica ( _d1907. _cMadrid) _9158476 |
|
| 852 |
_aES-MaACL _j1562-F-5 _z. - Dedicatoria autógrafa del autor |
||
| 999 |
_c89873 _d89873 |
||